MARC

LEADER 00000nam0a2200000 4500
001 36205
005 20231101210345.0
035 |a (RuTPU)RU\TPU\book\36675 
035 |a BOOK00003327 
090 |a 36205 
100 |a 20011210d1977 km y0rusy50 ca 
101 0 |a rus 
102 |a RU 
105 |a a z 001zy 
200 1 |a Очистка сточных вод в химической промышленности  |f В. А. Проскуряков, Л. И. Шмидт 
210 |a Ленинград  |c Химия  |d 1977 
215 |a 463 с.  |c ил. 
320 |a Список лит.: с. 440-455 (685 назв.). 
320 |a Предм. указ.: с. 456-459. 
606 |a Химические заводы  |x Водное хозяйство  |2 stltpush  |3 (RuTPU)RU\TPU\subj\31086  |9 54008 
606 1 |a Химические заводы, производства  |x Водное хозяйство  |2 stltpush  |3 (RuTPU)RU\TPU\subj\31086  |9 54045 
610 1 |a химия 
610 1 |a химическая промышленность 
610 1 |a химические заводы 
610 1 |a сточные воды 
610 1 |a очистка 
610 1 |a технология 
675 |a 66.013.8:628  |v 3 
700 1 |a Проскуряков  |b В. А.  |g Владимир Александрович 
701 1 |a Шмидт  |b Л. И.  |g Лев Иосифович 
801 0 |a RU  |b 63413507  |c 20011210  |g PSBO 
801 2 |a RU  |b 63413507  |c 20201022  |g PSBO 
900 |a Технология защиты биосферы от промышленных выбросов 
942 |c BK